[Event "Pereira Fiestas de la Cosecha"]
[Site "Pereira"]
[Date "2022.08.27"]
[Round "7"]
[White "Cuellar Canosa, Nicolas"]
[Black "Soto, Cristian Camilo"]
[Result "0-1"]
[WhiteElo "1819"]
[BlackElo "2191"]
[PlyCount "74"]
[EventDate "2022.08.24"]
[EventType "swiss"]
[EventRounds "10"]
[EventCountry "COL"]
[SourceTitle "CBM 210 Extra"]
[Source "ChessBase"]
[SourceDate "2022.11.30"]
[SourceVersion "1"]
[SourceVersionDate "2022.11.30"]
[SourceQuality "1"]

1. e4 d6 2. d4 Nf6 3. Nc3 g6 4. Bg5 Bg7 5. Qd2 h6 6. Bh4 c6 7. 0-0-0 Qa5 8. f4 Be6 9. a3 b5 10. e5 dxe5 11. Bxf6 exf6 12. Nf3 0-0 13. dxe5 fxe5 14. fxe5 Nd7 15. Qf4 Qc7 16. Re1 Rae8 17. Bd3 f5 18. h4 Bf7 19. h5 Nxe5 20. Nxe5 Rxe5 21. Qf2 Rfe8 22. hxg6 Bxg6 23. Ref1 Qe7 24. Kb1 b4 25. axb4 Qxb4 26. Rh4 Qe7 27. Bc4+ Kh7 28. Rh3 Qb4 29. Bb3 f4 30. Ba4 Rb8 31. b3 Re3 32. Qxf4 Re1+ 33. Kb2 Rxf1 34. Qxf1 Qxa4 35. Qf2 Qa5 36. Qf4 Rf8 37. Qd6 Rf1 0-1

[Event "Pereira Fiestas de la Cosecha"]
[Site "Pereira"]
[Date "2022.08.25"]
[Round "3"]
[White "Dominguez Rincon, Miller Duvan"]
[Black "Soto, Cristian Camilo"]
[Result "1/2-1/2"]
[WhiteElo "2027"]
[BlackElo "2191"]
[PlyCount "229"]
[EventDate "2022.08.24"]
[EventType "swiss"]
[EventRounds "10"]
[EventCountry "COL"]
[SourceTitle "CBM 210 Extra"]
[Source "ChessBase"]
[SourceDate "2022.11.30"]
[SourceVersion "1"]
[SourceVersionDate "2022.11.30"]
[SourceQuality "1"]

1. e4 d6 2. d4 Nf6 3. Nc3 g6 4. Nf3 Bg7 5. Be2 0-0 6. 0-0 c6 7. a4 b6 8. Bf4 a6 9. h3 Bb7 10. Bh2 b5 11. e5 Ne8 12. e6 fxe6 13. Ng5 Nc7 14. Bg4 Bc8 15. Re1 b4 16. Nce4 h6 17. Nf3 Nd7 18. Nh4 Qe8 19. Nxd6 exd6 20. Bxd6 Qf7 21. Bxf8 Nxf8 22. Be2 Nd5 23. Nf3 Nd7 24. Bd3 Bb7 25. c4 Nf4 26. Be4 Rd8 27. Qc2 Nf8 28. Rad1 g5 29. a5 Qc7 30. Qa4 c5 31. Bxb7 Qxb7 32. dxc5 Rc8 33. Re3 Rxc5 34. b3 Rf5 35. Rd6 Qc7 36. Rxa6 Kh7 37. Rb6 N8g6 38. Rb5 Rf8 39. Qxb4 Rd8 40. Rb7 Rd1+ 41. Kh2 Qd8 42. Qc3 Rd7 43. Rxd7 Qxd7 44. Qd2 Qc6 45. g3 Ne5 46. Qc2+ Kh8 47. Ne1 Nfg6 48. Qe4 Qc5 49. f4 gxf4 50. gxf4 Nc6 51. Ng2 Nge7 52. Qxe6 Nf5 53. Qe8+ Kh7 54. Qe4 Nce7 55. Rd3 Bd4 56. Nh4 Bg1+ 57. Kh1 Qf2 58. Qg2 Qxh4 59. Kxg1 Qe1+ 60. Kh2 Qxa5 61. Qe4 Qa2+ 62. Qg2 Qb1 63. Qe2 Qc1 64. Qd2 Qf1 65. Rd7 Qf3 66. Rd3 Qf1 67. Rd7 Qf3 68. Rd3 Qe4 69. Rd7 h5 70. Qf2 h4 71. c5 Ng3 72. Rd1 Ng6 73. Rc1 Nxf4 74. c6 Qf5 75. Qc2 Ne4 76. c7 Qxh3+ 77. Kg1 Qg3+ 78. Kh1 Nd3 79. Rf1 Qh3+ 80. Kg1 Qg3+ 81. Kh1 Qh3+ 82. Kg1 Qg4+ 83. Qg2 Ng3 84. b4 h3 85. Qf3 Qd4+ 86. Kh2 Nxf1+ 87. Qxf1 Nf2 88. Qb1+ Kh6 89. Qc1+ Kh7 90. Qb1+ Kh6 91. Qc1+ Kh7 92. c8Q Qe5+ 93. Kg1 Qg3+ 94. Kf1 Qg2+ 95. Ke2 Ng4+ 96. Kd3 Qf3+ 97. Kc2 h2 98. Qg5 Qe2+ 99. Kb3 Qd3+ 100. Ka4 Qd1+ 101. Ka5 Qa1+ 102. Kb6 Qg1+ 103. Qcc5 h1Q 104. Qgf5+ Kh6 105. Qg5+ Kh7 106. Qgf5+ Kg7 107. Qg5+ Kf7 108. Qge7+ Kg8 109. Qf8+ Kh7 110. Qf7+ Kh6 111. Qff8+ Kh7 112. Qf7+ Kh6 113. Qff8+ Kh7 114. Qf7+ Kh6 115. Qff8+ 1/2-1/2

[Event "Medellin Feria de las Flores op"]
[Site "Medellin"]
[Date "2022.08.07"]
[Round "8"]
[White "Soto, Cristian Camilo"]
[Black "Toro Castaneda, Miguel Angel"]
[Result "1-0"]
[WhiteElo "2191"]
[BlackElo "2010"]
[PlyCount "131"]
[EventDate "2022.08.03"]
[EventType "swiss"]
[EventRounds "9"]
[EventCountry "COL"]
[SourceTitle "CBM 209 Extra"]
[Source "ChessBase"]
[SourceDate "2022.09.30"]
[SourceVersion "1"]
[SourceVersionDate "2022.09.30"]
[SourceQuality "1"]

1. c4 Nf6 2. Nc3 g6 3. d4 Bg7 4. e4 d6 5. f3 0-0 6. Be3 Nc6 7. Nge2 a6 8. g4 Na5 9. Ng3 b5 10. cxb5 axb5 11. Bxb5 c6 12. Be2 Qb6 13. Rb1 e5 14. Qd2 exd4 15. Bxd4 Qb4 16. a3 Qb3 17. Nd1 Qe6 18. Bc3 Nc4 19. Bxc4 Qxc4 20. Ne3 Qb5 21. Kf2 d5 22. g5 Nxe4+ 23. fxe4 d4 24. Bxd4 Rd8 25. Nc2 c5 26. Qe2 Qxe2+ 27. Kxe2 Bg4+ 28. Ke3 cxd4+ 29. Kf4 Be6 30. Nb4 Bb3 31. Nd3 Bc2 32. Rbd1 Bxd1 33. Rxd1 Rdc8 34. Rd2 h6 35. h4 Ra5 36. e5 Re8 37. Re2 hxg5+ 38. hxg5 Kf8 39. Nf1 Rc8 40. Nh2 Rb5 41. Nf3 Rd8 42. Ke4 Ke8 43. Rc2 Rb3 44. Rc4 Rdb8 45. Rxd4 Rxb2 46. Nxb2 Rxb2 47. a4 Ra2 48. Kd5 Ra3 49. Nd2 Ke7 50. Ne4 Re3 51. Rb4 Rd3+ 52. Kc4 Rd7 53. Rb5 Ra7 54. a5 Ke6 55. Nc5+ Kxe5 56. a6 Bf8 57. Nd7+ Kf4 58. Nxf8 Rxa6 59. Nh7 Ra4+ 60. Kd5 Ra7 61. Rb1 f5 62. gxf6 Rxh7 63. Rf1+ Ke3 64. Ke6 Ke4 65. f7 Rh8 66. Kf6 1-0

[Event "Medellin Feria de las Flores op"]
[Site "Medellin"]
[Date "2022.08.04"]
[Round "3"]
[White "Gomez Vasquez, Laura Sofia"]
[Black "Soto, Cristian Camilo"]
[Result "0-1"]
[WhiteElo "1584"]
[BlackElo "2191"]
[PlyCount "112"]
[EventDate "2022.08.03"]
[EventType "swiss"]
[EventRounds "9"]
[EventCountry "COL"]
[SourceTitle "CBM 209 Extra"]
[Source "ChessBase"]
[SourceDate "2022.09.30"]
[SourceVersion "1"]
[SourceVersionDate "2022.09.30"]
[SourceQuality "1"]

1. e4 d6 2. d4 Nf6 3. Nc3 g6 4. Be2 Bg7 5. Nf3 0-0 6. 0-0 c6 7. a4 b6 8. Re1 a6 9. Bf1 Bb7 10. Qd3 Ne8 11. Bf4 Nc7 12. h3 Ne6 13. Bg3 b5 14. Ne2 c5 15. axb5 axb5 16. Rxa8 Bxa8 17. d5 Nc7 18. c3 Nd7 19. Nf4 Qb8 20. Qd2 Qa7 21. Nd3 f6 22. Bf4 Rb8 23. Bh6 Nf8 24. Bxg7 Kxg7 25. Nh2 e5 26. dxe6 Ncxe6 27. Ng4 h5 28. Nh2 Ng5 29. Qf4 c4 30. Nb4 Qe7 31. f3 Nfe6 32. Qe3 Nc5 33. Nd5 Bxd5 34. exd5 Qxe3+ 35. Rxe3 Na4 36. Re2 Kf8 37. f4 Nf7 38. Nf3 b4 39. Re6 bxc3 40. bxc3 Rb1 41. Nd2 Rd1 42. Nxc4 Nxc3 43. Ne3 Rd4 44. Rxf6 Kg7 45. Re6 Nxd5 46. Nxd5 Rxd5 47. Kf2 h4 48. Ke3 Nh6 49. Bd3 Kf7 50. Re4 Nf5+ 51. Kd2 Kf6 52. Rb4 Ng7 53. Ke3 Ne6 54. Be4 Ra5 55. Rb6 Ra3+ 56. Kf2 Nxf4 0-1

[Event "Pereira Gildardo Garcia Memorial-A"]
[Site "Pereira"]
[Date "2022.05.22"]
[Round "9"]
[White "Sanchez, Sebastian Felipe"]
[Black "Soto, Cristian Camilo"]
[Result "1-0"]
[WhiteElo "2450"]
[BlackElo "2140"]
[PlyCount "61"]
[EventDate "2022.05.18"]
[EventType "swiss"]
[EventRounds "10"]
[EventCountry "COL"]
[SourceTitle "CBM 208 Extra"]
[Source "ChessBase"]
[SourceDate "2022.07.31"]
[SourceVersion "1"]
[SourceVersionDate "2022.07.31"]
[SourceQuality "1"]

1. d4 f5 2. Nf3 g6 3. g3 Bg7 4. Bg2 Nf6 5. 0-0 0-0 6. b3 d6 7. Bb2 c6 8. c4 Qe8 9. Qc2 h6 10. Nbd2 g5 11. e4 f4 12. gxf4 Nh5 13. f5 Nf4 14. Rae1 Qh5 15. Re3 e6 16. f6 Rxf6 17. e5 Rf5 18. Ne4 g4 19. Ng3 Qf7 20. Nxf5 exf5 21. Ne1 dxe5 22. dxe5 Be6 23. f3 g3 24. hxg3 Nh5 25. f4 Qg6 26. Kh2 Nd7 27. Bh3 Qf7 28. Nf3 Bf8 29. Nd4 Ng7 30. Nxe6 Qxe6 31. g4 1-0

[Event "Pereira Gildardo Garcia Memorial-A"]
[Site "Pereira"]
[Date "2022.05.21"]
[Round "8"]
[White "Soto, Cristian Camilo"]
[Black "Diaz Rosas, Julio Cesar"]
[Result "1-0"]
[WhiteElo "2140"]
[BlackElo "2351"]
[PlyCount "75"]
[EventDate "2022.05.18"]
[EventType "swiss"]
[EventRounds "10"]
[EventCountry "COL"]
[SourceTitle "CBM 208 Extra"]
[Source "ChessBase"]
[SourceDate "2022.07.31"]
[SourceVersion "1"]
[SourceVersionDate "2022.07.31"]
[SourceQuality "1"]

1. c4 Nf6 2. Nc3 g6 3. d4 d5 4. cxd5 Nxd5 5. e4 Nxc3 6. bxc3 Bg7 7. Bb5+ c6 8. Bc4 c5 9. Ne2 Nc6 10. d5 Ne5 11. Bb5+ Bd7 12. Bxd7+ Qxd7 13. f4 Nc4 14. Qb3 Na5 15. Qc2 e6 16. Be3 b6 17. Rd1 exd5 18. Rxd5 Qc6 19. c4 0-0 20. 0-0 Qb7 21. Bd2 Qa6 22. Bxa5 Qxa5 23. e5 Rae8 24. Rd7 Rd8 25. Rd5 b5 26. Rfd1 b4 27. Nc1 Qb6 28. Qa4 f6 29. Rd6 Qb8 30. Qc6 Rc8 31. Qd5+ Kh8 32. e6 Rfe8 33. g3 f5 34. Nb3 Qc7 35. Re1 a5 36. Rd7 Qb6 37. Rb7 Qd8 38. e7 1-0

[Event "Medellin Easter op 10th"]
[Site "Medellin"]
[Date "2022.04.15"]
[Round "5"]
[White "Soto, Cristian Camilo"]
[Black "Valderrama Quiceno, Esteban Alberto"]
[Result "1/2-1/2"]
[WhiteElo "2093"]
[BlackElo "2445"]
[PlyCount "59"]
[EventDate "2022.04.13"]
[EventType "swiss"]
[EventRounds "8"]
[EventCountry "COL"]
[SourceTitle "CBM 207 Extra"]
[Source "ChessBase"]
[SourceDate "2022.05.31"]
[SourceVersion "1"]
[SourceVersionDate "2022.05.31"]
[SourceQuality "1"]

1. c4 c5 2. Nc3 Nf6 3. Nf3 e6 4. d4 cxd4 5. Nxd4 a6 6. e3 Be7 7. Be2 0-0 8. 0-0 Qc7 9. Bd2 b6 10. Rc1 Bb7 11. Bf3 d6 12. Bxb7 Qxb7 13. Qf3 Qxf3 14. gxf3 Rc8 15. b3 Nbd7 16. Na4 g6 17. Bb4 Kf8 18. Rfd1 Rc7 19. Ne2 Ne8 20. f4 f5 21. Nd4 Kf7 22. Nf3 h6 23. h4 Nef6 24. Nb2 Ne4 25. Nd3 Rac8 26. Kf1 Ndc5 27. Ke2 Nb7 28. Rg1 a5 29. Bxd6 Nbxd6 30. Nde5+ 1/2-1/2

[Event "Medellin Easter op 10th"]
[Site "Medellin"]
[Date "2022.04.13"]
[Round "1"]
[White "Ortiz Lopera, Miguel Angel"]
[Black "Soto, Cristian Camilo"]
[Result "0-1"]
[WhiteElo "1643"]
[BlackElo "2093"]
[PlyCount "38"]
[EventDate "2022.04.13"]
[EventType "swiss"]
[EventRounds "8"]
[EventCountry "COL"]
[SourceTitle "CBM 207 Extra"]
[Source "ChessBase"]
[SourceDate "2022.05.31"]
[SourceVersion "1"]
[SourceVersionDate "2022.05.31"]
[SourceQuality "1"]

1. e4 c5 2. Nf3 e6 3. d4 cxd4 4. Nxd4 Nf6 5. Bd3 Nc6 6. Nxc6 dxc6 7. Be3 e5 8. f3 Be6 9. 0-0 Nd7 10. Qe2 Bc5 11. c3 Qb6 12. Bxc5 Nxc5 13. Rf2 Rd8 14. Kh1 Nxd3 15. Rf1 Nf4 16. Qc2 Bc4 17. Re1 Bd3 18. Qb3 Qf2 19. Rg1 Bf1 0-1

[Event "COL-ch Rapid"]
[Site "Villavicencio"]
[Date "2021.11.14"]
[Round "8"]
[White "Rodriguez Munoz, Cesar Esteban"]
[Black "Soto, Cristian Camilo"]
[Result "0-1"]
[WhiteElo "1903"]
[BlackElo "2202"]
[PlyCount "54"]
[EventDate "2021.11.13"]
[EventType "swiss (rapid)"]
[EventRounds "9"]
[EventCountry "COL"]
[SourceTitle "CBM 205 Extra"]
[Source "ChessBase"]
[SourceDate "2022.01.31"]
[SourceVersion "1"]
[SourceVersionDate "2022.01.31"]
[SourceQuality "1"]

1. c4 Nf6 2. Nf3 e6 3. g3 b6 4. Bg2 Bb7 5. Nc3 c5 6. 0-0 Be7 7. d3 0-0 8. a3 d6 9. Rb1 Nbd7 10. b4 Rc8 11. h3 Qc7 12. Be3 Qb8 13. bxc5 Nxc5 14. Na4 Qa8 15. Nxc5 dxc5 16. Nh4 Bxg2 17. Nxg2 Rfd8 18. Qc1 Qc6 19. Nh4 Nd7 20. Nf3 e5 21. Qb2 Bf6 22. Bg5 e4 23. Bxf6 Nxf6 24. dxe4 Qxe4 25. Rbc1 h6 26. Qc2 Re8 27. Qxe4 Rxe4 0-1

[Event "Manizales Las Americas blitz op"]
[Site "Manizales"]
[Date "2021.10.23"]
[Round "6"]
[White "Jaramillo, Carlos Orlando"]
[Black "Soto, Cristian Camilo"]
[Result "0-1"]
[WhiteElo "1752"]
[BlackElo "2191"]
[PlyCount "46"]
[EventDate "2021.10.23"]
[EventType "swiss (blitz)"]
[EventRounds "11"]
[EventCountry "COL"]
[SourceTitle "CBM 205 Extra"]
[Source "ChessBase"]
[SourceDate "2022.01.31"]
[SourceVersion "1"]
[SourceVersionDate "2022.01.31"]
[SourceQuality "1"]

1. b4 Nf6 2. Nf3 e6 3. a3 b6 4. g3 Bb7 5. Bg2 Be7 6. 0-0 0-0 7. Bb2 c5 8. b5 d5 9. Ne5 Nbd7 10. f4 Qc7 11. d3 d4 12. Nc6 Bxc6 13. Bxc6 Rad8 14. Nd2 Nd5 15. Bxd5 exd5 16. Nf3 Nf6 17. Ne5 Bd6 18. Nc6 Rde8 19. h3 Re3 20. Kg2 Rfe8 21. Rf2 Nh5 22. Ne5 Bxe5 23. fxe5 Qxe5 0-1

[Event "Manizales Las Americas blitz op"]
[Site "Manizales"]
[Date "2021.10.23"]
[Round "11"]
[White "Soto, Cristian Camilo"]
[Black "Ardila, Oscar Humberto"]
[Result "0-1"]
[WhiteElo "2191"]
[BlackElo "1715"]
[PlyCount "63"]
[EventDate "2021.10.23"]
[EventType "swiss (blitz)"]
[EventRounds "11"]
[EventCountry "COL"]
[SourceTitle "CBM 205 Extra"]
[Source "ChessBase"]
[SourceDate "2022.01.31"]
[SourceVersion "1"]
[SourceVersionDate "2022.01.31"]
[SourceQuality "1"]

1. c4 Nf6 2. Nc3 e6 3. d4 Be7 4. g3 d6 5. Bg2 Nbd7 6. e4 e5 7. Nge2 0-0 8. 0-0 b6 9. h3 Bb7 10. Be3 Qc8 11. Rc1 exd4 12. Nxd4 Nc5 13. Nd5 Nxd5 14. cxd5 a5 15. Nf5 Bf6 16. Bd4 Qd8 17. Kh2 Re8 18. Re1 Ba6 19. Rc3 Bc8 20. Qg4 Bxd4 21. Rf3 Bxf5 22. Rxf5 Qd7 23. h4 g6 24. Bh3 Nd3 25. Rf1 Kh8 26. Qf3 Ne5 27. Rxe5 Qd8 28. Rxe8+ Qxe8 29. Rc1 Qe7 30. b3 Re8 31. Rc4 Bg7 32. Qd3 0-1

[Event "Manizales Las Americas op-A"]
[Site "Manizales"]
[Date "2021.10.16"]
[Round "5"]
[White "Castrillon Gomez, Melissa"]
[Black "Soto, Cristian Camilo"]
[Result "1-0"]
[WhiteElo "2224"]
[BlackElo "2078"]
[PlyCount "59"]
[EventDate "2021.10.14"]
[EventType "swiss"]
[EventRounds "10"]
[EventCountry "COL"]
[SourceTitle "CBM 204 Extra"]
[Source "ChessBase"]
[SourceDate "2021.11.30"]
[SourceVersion "1"]
[SourceVersionDate "2021.11.30"]
[SourceQuality "1"]

1. d4 Nf6 2. c4 e6 3. Nf3 b6 4. a3 Bb7 5. Nc3 Be7 6. d5 exd5 7. cxd5 0-0 8. e4 Re8 9. Bd3 d6 10. 0-0 Nbd7 11. Nd4 Bf8 12. Bc2 g6 13. Bg5 h6 14. Bh4 Bg7 15. f4 Qc8 16. Qd2 c6 17. dxc6 Bxc6 18. Nxc6 Qxc6 19. Ba4 Qc4 20. Rae1 Nxe4 21. Rxe4 Rxe4 22. Bxd7 Rd4 23. Qc1 a6 24. Bf2 Rxf4 25. b3 Qxc3 26. Qxf4 Be5 27. Qe4 Rd8 28. Bc6 b5 29. Bd5 Kg7 30. Bxf7 1-0

[Event "Manizales Las Americas op-A"]
[Site "Manizales"]
[Date "2021.10.14"]
[Round "1"]
[White "Mateus Urbano, Luis Alejandro"]
[Black "Soto, Cristian Camilo"]
[Result "1-0"]
[WhiteElo "2357"]
[BlackElo "2078"]
[PlyCount "139"]
[EventDate "2021.10.14"]
[EventType "swiss"]
[EventRounds "10"]
[EventCountry "COL"]
[SourceTitle "CBM 204 Extra"]
[Source "ChessBase"]
[SourceDate "2021.11.30"]
[SourceVersion "1"]
[SourceVersionDate "2021.11.30"]
[SourceQuality "1"]

1. e4 c5 2. c3 d5 3. exd5 Qxd5 4. Nf3 Nf6 5. d4 Bf5 6. Na3 a6 7. Nc4 Qd8 8. Bf4 e6 9. dxc5 Nbd7 10. Nd6+ Bxd6 11. cxd6 0-0 12. Be2 Re8 13. 0-0 e5 14. Be3 Ng4 15. Qd2 Nxe3 16. Qxe3 Qf6 17. Rad1 Re6 18. Qg5 Rc8 19. Rd5 Qxg5 20. Nxg5 Rg6 21. Nf3 Re6 22. Rfd1 h6 23. h3 Ree8 24. R5d2 Be6 25. a3 Bb3 26. Re1 f6 27. Nh4 Be6 28. Bf3 Rb8 29. Bg4 Bxg4 30. hxg4 Kf7 31. Nf5 Re6 32. f3 Rd8 33. Red1 b5 34. Kf2 g6 35. Ne7 e4 36. Rd4 Ne5 37. fxe4 Nxg4+ 38. Kg3 Ne3 39. R1d3 Nc4 40. Nc6 Rd7 41. Nb8 Rdxd6 42. b3 Rxd4 43. Rxd4 Nd6 44. Kf3 f5 45. exf5 Nxf5 46. Rd3 h5 47. c4 bxc4 48. bxc4 g5 49. c5 Ne7 50. Rd7 Kf6 51. Rb7 g4+ 52. Kf2 Ke5 53. Rxe7 Rxe7 54. Nc6+ Kd5 55. Nxe7+ Kxc5 56. Kg3 Kc4 57. Kh4 Kb3 58. Kxh5 Kxa3 59. Nc6 g3 60. Kg4 Kb3 61. Kxg3 Kc4 62. Kf4 Kb5 63. Na5 Kxa5 64. g4 Kb4 65. g5 a5 66. g6 a4 67. g7 Kb3 68. g8Q+ Kb2 69. Qb8+ Kc2 70. Qb4 1-0